000
00204 a2200097 4500
001
29085
100
_a
Eson M E
245
_a
Psychological foundation
260
_a
_b
Rinehart
_c
090
_c
19416
_d
19416
942
_a
NUST-CAE
_c
M
_c
10465
999
_c
264158
_d
264158